000 01003nmm a2200313 a 4500
001 ocm000652796
003 TR-IsHL
005 20201028141706.0
008 131226s2007 tu tur
007 cr cn
020 _a9789944322768
035 _a652796
_b(N$T)
050 0 4 _aKZ6515
_b.Y36 2007
090 0 4 _aKZ6515
_b.Y36 2007
100 1 _aYamaner, Melike Batur
245 1 0 _aSilahlı çatışmalarda sivillerin korunması
_h[electronic resource] /
_cMelike Batur Yamaner
260 _aİstanbul :
_bArıkan Basım Yayım Dağıtım,
_c2007
300 _a220 p.
650 4 _aHukuk
650 4 _aLaw
650 0 _aSavaş
_x Sivillerin korunması
650 0 _aWar
_x Protection of civilians
650 0 _aİnsani hukuk
650 0 _aHumanitarian law
650 0 _aSiviller, Savaşta
650 0 _aCivilians in war
650 7 _aPOLITICAL SCIENCE / Civil Rights
_2bisacsh
856 4 0 _uhttp://search.ebscohost.com/login.aspx?direct=true&scope=site&db=e011xww&AN=652796
999 _c7952
_d7952